00869nam a22002057a 4500999001700000003000900017008004100026040007100067082002300138110003500161245020500196260002800401300002600429505003600455650002400491650001500515942001600530945002000546952009700566 c13489d13489AR-CdUCM190415b ||||| |||| 00| 0 spa d aMUNICIPALIDAD PROVINCIAL DEL CUSCOcBIBLIOTECA MUNICIPAL DEL CUSCO a330.4 /bL5522ed. aEditorial Thesis S. A. 931924 aLey General de Cooperativas N° 15260 :bReglamento General de Cooperativas, Estatuto del Instituto Nacional de Financiamiento Cooperativo D.S. N° 011, Estatuto Modelo de una Cooperativa de Consumo / aLima :bThesis ;c1965. a155 páginas ;c28cm aContenido: Ley de cooperativas  aCooperativas 94787 aPerú935 2ddccLIBROS anomd2019-04-15 002ddc4070aSHbSHcCARTd2019-04-15g20.00o330.4 / L55pSH0000010731r2019-04-15yLIBROS